| 000 | 00649nam a2200253 a 4500 | ||
|---|---|---|---|
| 001 | 14339 | ||
| 003 | BD-JhCC | ||
| 005 | 20250304115601.0 | ||
| 008 | 250302b19632018e a|||| ||a| 001 0 eng d | ||
| 020 | _a 9780241339268 | ||
| 035 | _a(BD-JhCC)14339 | ||
| 040 |
_aBD-JhCC _dBD-JhCC |
||
| 041 | _aenglish | ||
| 082 |
_a300 _bFRI 2018 |
||
| 100 | _a Friedan,Betty | ||
| 245 |
_aThe Problem that Has No Name / _cBetty Friedan. |
||
| 260 |
_aNew York: _bPenguin Books; _c2018. |
||
| 300 |
_a64 p. : _c16 cm. |
||
| 490 | _aPenguin Modern: 41 | ||
| 500 | _aPenguin Modern: 41 | ||
| 650 | _aSociety & culture. | ||
| 942 |
_2ddc _cBK |
||
| 999 |
_c14339 _d14339 |
||